000 00424cam a2200169ua 4500
020 _c1.50
041 _ahin
_h
082 _a891.54
_bISH/GA
100 _aIshwarchandra, Gandelval .
245 _aGadya vatika /
_cIshwarchandra Gandelval.
_hTextual Documents
260 _aDelhi :
_bShiksha Bharati ,
_c1963.
300 _a100 ; .
365 _a1.50
942 _cBK
999 _c8267
_d8267